Psicología del adulto mayor: para una vejez saludable

Saved in:
Bibliographic Details
Main Author: Ademar, Noriega H (Author)
Format: Book
Language:Spanish
Published: Lima Mirbet 2010
Edition:1a. ed
Subjects:
Tags: Add Tag
No Tags, Be the first to tag this record!

MARC

LEADER 00000cam a2200000 a 4500
001 UCD6351
003 CL-VaPUC
008 161201e20100000pe |||||||||||||||||spa|d
020 |a 9789972233517 
082 0 4 |a 155.67  |b ADE  |2 21 
100 0 |a Ademar, Noriega H  |e author  |9 590158 
245 1 0 |a Psicología del adulto mayor: para una vejez saludable 
250 |a 1a. ed 
300 |a 135 p 
942 |c BK 
945 |d 20161201 17:35:00  |a dcastane 
260 |a Lima  |b Mirbet  |c 2010 
650 0 |a Psicología aplicada   |9 270762 
650 0 |a Adulto mayor  |9 311317 
650 0 |a Calidad de vida   |9 322944 
583 |a last modification  |c 20161201 17:35:00  |k Rodrigo Vera 
999 |c 366704  |d 366702 
952 |0 0  |1 0  |3 erb  |4 0  |6 155_670000000000000_ADE_2010  |7 0  |8 C  |9 481182  |a BIBCUR  |b BIBCUR  |i 535501K  |o 155.67 ADE 2010  |p 535501K  |r 2025-04-22  |w 2019-11-24  |y BK  |z Catalogado en:20161201  |k CAC